Quality of Decision Making in Mathematical Modelling of Product Features

Saved in:
Bibliographic Details
Main Author: Bařinka, Karel
Other Authors: Hurný, František
Format: Book Chapter
Language:English
Subjects:
Tags: Add Tag
No Tags, Be the first to tag this record!

MARC

LEADER 00000nla a2200000 4500
001 0240629
005 20240502073920.8
041 0 |a eng 
044 |a SK 
245 1 0 |a Quality of Decision Making in Mathematical Modelling of Product Features  |c Karel Bařinka, František Hurný 
500 |a Abstrakt 
610 2 0 |a modelovanie matematické 
610 2 0 |a rozhodovanie 
610 2 0 |a kvalita 
610 2 0 |a inovácia 
100 1 |a Bařinka, Karel 
700 1 |a Hurný, František